[Event "World Senior Championship F50+/F65+"]
[Site "Katerini"]
[Date "2014.11.03"]
[Round "10.8"]
[White "Kabanova, Irina"]
[Black "Khropova, Larisa"]
[Result "1-0"]
[WhiteElo "1933"]
[BlackElo "2026"]
[EventDate "2014.10.24"]

1. e4 {[%clk 1:22:56]} c5 {[%clk 1:30:56]} 2. Nf3 {[%clk 1:22:20]} d6
{[%clk 1:31:20]} 3. d4 {[%clk 1:21:56]} cxd4 {[%clk 1:31:45]} 4. Nxd4
{[%clk 1:22:16]} Nf6 {[%clk 1:32:03]} 5. Nc3 {[%clk 1:22:18]} g6 {[%clk 1:32:16]}
6. Be2 {[%clk 1:19:34]} Bg7 {[%clk 1:32:27]} 7. Be3 {[%clk 1:19:17]} Nc6
{[%clk 1:31:52]} 8. O-O {[%clk 1:18:44]} Bd7 {[%clk 1:31:43]} 9. Nb3
{[%clk 1:17:26]} O-O {[%clk 1:31:24]} 10. f3 {[%clk 1:14:44]} Rc8
{[%clk 1:29:01]} 11. Qd2 {[%clk 1:14:05]} a6 {[%clk 1:21:58]} 12. Rad1
{[%clk 1:07:34]} Ne5 {[%clk 1:19:37]} 13. Nd5 {[%clk 1:05:17]} Nc4
{[%clk 0:59:15]} 14. Bxc4 {[%clk 1:05:31]} Rxc4 {[%clk 0:59:03]} 15. Na5
{[%clk 1:00:02]} Nxd5 {[%clk 0:50:06]} 16. Nxc4 {[%clk 0:59:29]} Nxe3
{[%clk 0:50:25]} 17. Nxe3 {[%clk 0:59:26]} Bxb2 {[%clk 0:49:22]} 18. Rb1
{[%clk 0:58:45]} Ba3 {[%clk 0:41:37]} 19. Rxb7 {[%clk 0:53:24]} Bb5
{[%clk 0:35:53]} 20. c4 {[%clk 0:52:35]} Qc8 {[%clk 0:30:36]} 21. cxb5
{[%clk 0:51:49]} Qxb7 {[%clk 0:30:51]} 22. bxa6 {[%clk 0:51:54]} Qxa6
{[%clk 0:31:05]} 23. Re1 {[%clk 0:38:56]} Rb8 {[%clk 0:28:20]} 24. Nd5
{[%clk 0:34:03]} Qa7+ {[%clk 0:27:43]} 25. Kh1 {[%clk 0:31:08]} Rb2
{[%clk 0:23:44]} 26. Qh6 {[%clk 0:26:56]} Bc5 {[%clk 0:17:14]} 27. Rc1
{[%clk 0:19:41]} Rb8 {[%clk 0:11:20]} 28. Qh3 {[%clk 0:14:25]} Kg7
{[%clk 0:09:09]} 29. f4 {[%clk 0:11:03]} h5 {[%clk 0:04:24]} 30. f5
{[%clk 0:10:44]} Bd4 {[%clk 0:02:46]} 31. fxg6 {[%clk 0:10:25]} fxg6
{[%clk 0:03:04]} 32. Qe6 {[%clk 0:10:02]} Rb7 {[%clk 0:01:58]} 33. Rf1
{[%clk 0:10:06]} Bf2 {[%clk 0:02:17]} 34. Nf4 {[%clk 0:08:33]} Kf8
{[%clk 0:01:25]} 35. Qxg6 {[%clk 0:07:41]} e5 {[%clk 0:01:32]} 36. Qxd6+
{[%clk 0:07:30]} Ke8 {[%clk 0:01:26]} 37. Qxe5+ {[%clk 0:07:15]} Re7
{[%clk 0:01:08]} 38. Qxh5+ {[%clk 0:07:26]} Rf7 {[%clk 0:00:51]} 39. Qh8+
{[%clk 0:06:27]} Ke7 {[%clk 0:01:12]} 40. Qe5+ {[%clk 0:36:24]} Kd8
{[%clk 0:30:54]} 41. Rd1+ {[%clk 0:34:13]} Kc8 {[%clk 0:25:52]} 42. Qe8+
{[%clk 0:34:33]} 1-0

[Event "World Senior Championship F50+/F65+"]
[Site "Katerini"]
[Date "2014.11.03"]
[Round "10.9"]
[White "Baliuniene, Margarita"]
[Black "Sinchurina, Tatiana"]
[Result "1/2-1/2"]
[WhiteElo "1961"]
[BlackElo "1985"]
[EventDate "2014.10.24"]

1. d4 {[%clk 1:30:58]} Nf6 {[%clk 1:30:40]} 2. c4 {[%clk 1:31:23]} e6
{[%clk 1:31:05]} 3. Nc3 {[%clk 1:31:45]} Bb4 {[%clk 1:31:23]} 4. Qc2
{[%clk 1:32:04]} O-O {[%clk 1:31:25]} 5. a3 {[%clk 1:32:26]} Bxc3+
{[%clk 1:31:35]} 6. Qxc3 {[%clk 1:32:51]} d5 {[%clk 1:31:39]} 7. e3
{[%clk 1:32:43]} b6 {[%clk 1:31:23]} 8. Nf3 {[%clk 1:31:53]} Bb7 {[%clk 1:31:17]}
9. Be2 {[%clk 1:31:11]} Nbd7 {[%clk 1:31:32]} 10. O-O {[%clk 1:31:21]} c5
{[%clk 1:31:26]} 11. Rd1 {[%clk 1:26:40]} Rc8 {[%clk 1:31:03]} 12. dxc5
{[%clk 1:21:36]} Nxc5 {[%clk 1:30:42]} 13. b4 {[%clk 1:21:08]} Nce4
{[%clk 1:28:58]} 14. Qb3 {[%clk 1:20:00]} Qc7 {[%clk 1:28:13]} 15. cxd5
{[%clk 1:13:08]} Bxd5 {[%clk 1:27:37]} 16. Qb2 {[%clk 1:12:50]} Qc2
{[%clk 1:24:28]} 17. Nd4 {[%clk 1:11:21]} Qxb2 {[%clk 1:23:52]} 18. Bxb2
{[%clk 1:11:46]} Nc3 {[%clk 1:23:06]} 19. Bxc3 {[%clk 1:10:36]} Rxc3
{[%clk 1:23:12]} 20. Nb5 {[%clk 1:08:20]} Rc2 {[%clk 1:20:13]} 21. Bd3
{[%clk 0:54:41]} Rb2 {[%clk 1:19:23]} 22. Nxa7 {[%clk 0:39:38]} g6
{[%clk 1:13:23]} 23. h3 {[%clk 0:33:22]} Rd8 {[%clk 1:06:27]} 24. Nb5
{[%clk 0:22:20]} Bb3 25. Bc2 {[%clk 0:21:03]} Rxd1+ {[%clk 1:03:13]} 26. Bxd1
{[%clk 0:21:31]} Bc4 {[%clk 0:59:46]} 27. Nc3 {[%clk 0:20:05]} b5
{[%clk 0:57:10]} 28. Rb1 {[%clk 0:16:27]} Rd2 {[%clk 0:57:02]} 29. a4
{[%clk 0:16:01]} bxa4 {[%clk 0:56:48]} 30. Bxa4 {[%clk 0:16:02]} Rd3
{[%clk 0:56:20]} 31. Nd1 {[%clk 0:12:21]} Ra3 {[%clk 0:52:45]} 32. Bc6
{[%clk 0:12:04]} Nd5 {[%clk 0:51:51]} 33. Kh2 {[%clk 0:04:51]} Kf8
{[%clk 0:51:23]} 34. Kg3 {[%clk 0:05:13]} Ke7 {[%clk 0:51:28]} 35. Rc1
{[%clk 0:04:40]} Bb3 {[%clk 0:49:06]} 36. b5 {[%clk 0:02:49]} Bxd1
{[%clk 0:43:19]} 37. Rxd1 {[%clk 0:03:17]} Nb6 {[%clk 0:43:28]} 38. Rc1
{[%clk 0:02:23]} h6 {[%clk 0:37:30]} 39. Bf3 {[%clk 0:02:50]} Rb3
{[%clk 0:37:13]} 40. Rc7+ {[%clk 0:32:14]} Kf6 {[%clk 1:07:20]} 41. Bc6
{[%clk 0:32:20]} Nd5 {[%clk 1:02:19]} 42. Rb7 {[%clk 0:29:27]} Ne7
{[%clk 1:00:57]} 43. Be8 {[%clk 0:26:34]} Rb2 {[%clk 0:59:25]} 44. Kf3
{[%clk 0:26:38]} Rb4 {[%clk 0:58:59]} 45. Ra7 {[%clk 0:25:40]} g5
{[%clk 0:58:55]} 46. g3 {[%clk 0:20:57]} h5 {[%clk 0:58:31]} 47. Rb7
{[%clk 0:20:54]} g4+ {[%clk 0:58:24]} 48. hxg4 {[%clk 0:20:55]} hxg4+
{[%clk 0:58:46]} 49. Kg2 {[%clk 0:21:12]} Rb2 {[%clk 0:58:57]} 50. Ra7
{[%clk 0:21:06]} Nf5 {[%clk 0:58:35]} 51. Rxf7+ {[%clk 0:18:13]} Ke5
{[%clk 0:58:47]} 52. Bc6 {[%clk 0:15:03]} Nxe3+ {[%clk 0:58:54]} 53. Kg1
{[%clk 0:14:43]} Nf5 {[%clk 0:50:39]} 54. Rb7 {[%clk 0:12:35]} Rb1+
{[%clk 0:44:13]} 55. Kg2 {[%clk 0:13:02]} Rb2 {[%clk 0:44:25]} 56. Rd7
{[%clk 0:04:35]} Ne3+ {[%clk 0:42:46]} 57. Kg1 {[%clk 0:05:00]} Rb1+
{[%clk 0:42:55]} 58. Kh2 {[%clk 0:05:30]} Rb2 {[%clk 0:43:00]} 59. Rd3
{[%clk 0:02:17]} Rxf2+ {[%clk 0:41:59]} 60. Kg1 {[%clk 0:02:46]} Rf1+
{[%clk 0:41:57]} 61. Kh2 {[%clk 0:03:11]} Rf2+ {[%clk 0:42:09]} 62. Kg1
{[%clk 0:03:36]} 1/2-1/2

[Event "World Senior Championship F50+/F65+"]
[Site "Katerini"]
[Date "2014.11.03"]
[Round "10.11"]
[White "Hoose, Hannelore"]
[Black "Sand, Rosemarie"]
[Result "0-1"]
[WhiteElo "1757"]
[BlackElo "1651"]
[EventDate "2014.10.24"]

1. e4 {[%clk 1:30:54]} c5 {[%clk 1:30:54]} 2. g3 {[%clk 1:30:57]} d6
{[%clk 1:31:08]} 3. Bg2 {[%clk 1:31:14]} Nf6 {[%clk 1:30:59]} 4. d3
{[%clk 1:30:51]} e6 {[%clk 1:29:46]} 5. Nf3 {[%clk 1:30:03]} Be7 {[%clk 1:29:51]}
6. O-O {[%clk 1:30:14]} O-O {[%clk 1:29:56]} 7. Re1 {[%clk 1:28:53]} Nc6
{[%clk 1:29:15]} 8. a3 {[%clk 1:26:43]} Bd7 {[%clk 1:24:29]} 9. Bd2
{[%clk 1:23:54]} Qc7 {[%clk 1:21:05]} 10. Nc3 {[%clk 1:20:07]} a6
{[%clk 1:20:07]} 11. Rb1 {[%clk 1:15:39]} Rac8 {[%clk 1:18:16]} 12. Bf4
{[%clk 1:08:48]} Qa5 {[%clk 1:06:34]} 13. Bd2 {[%clk 1:04:38]} Qc7
{[%clk 1:04:59]} 14. Bc1 {[%clk 0:55:08]} b5 {[%clk 1:01:41]} 15. Ne2
{[%clk 0:54:07]} d5 {[%clk 0:48:58]} 16. exd5 {[%clk 0:51:26]} Nxd5
{[%clk 0:47:06]} 17. Nf4 {[%clk 0:48:09]} Nxf4 {[%clk 0:41:07]} 18. Bxf4
{[%clk 0:48:23]} Bd6 {[%clk 0:40:50]} 19. Bxd6 {[%clk 0:46:26]} Qxd6
{[%clk 0:41:09]} 20. Qe2 {[%clk 0:44:13]} Rfd8 {[%clk 0:39:46]} 21. Rbd1
{[%clk 0:42:08]} Qc7 {[%clk 0:33:30]} 22. c3 {[%clk 0:35:36]} Ne7
{[%clk 0:27:08]} 23. d4 cxd4 {[%clk 0:25:49]} 24. Nxd4 {[%clk 0:33:35]} Nc6
{[%clk 0:24:05]} 25. Nxc6 {[%clk 0:28:51]} Bxc6 {[%clk 0:24:16]} 26. Rxd8+ Rxd8
27. Bxc6 {[%clk 0:26:41]} Qxc6 {[%clk 0:24:20]} 28. Rd1 {[%clk 0:26:50]} Rxd1+
{[%clk 0:23:57]} 29. Qxd1 {[%clk 0:27:04]} g6 {[%clk 0:23:29]} 30. Qd3
{[%clk 0:25:04]} h5 {[%clk 0:22:52]} 31. h4 {[%clk 0:24:14]} Qd5 {[%clk 0:22:32]}
32. Qxd5 {[%clk 0:24:04]} exd5 {[%clk 0:23:00]} 33. Kf1 {[%clk 0:24:24]} Kf8
{[%clk 0:23:28]} 34. Ke2 {[%clk 0:24:34]} Ke7 {[%clk 0:23:53]} 35. Ke3
{[%clk 0:24:20]} Kd6 {[%clk 0:21:01]} 36. Kd4 {[%clk 0:24:24]} f6
{[%clk 0:20:28]} 37. f4 {[%clk 0:19:08]} Kc6 {[%clk 0:19:41]} 38. b3
{[%clk 0:17:44]} a5 {[%clk 0:12:28]} 39. c4 {[%clk 0:16:27]} dxc4
{[%clk 0:12:26]} 40. bxc4 {[%clk 0:06:49]} b4 {[%clk 0:06:28]} 41. axb4
{[%clk 0:36:57]} axb4 {[%clk 0:36:37]} 42. c5 {[%clk 0:37:02]} b3
{[%clk 0:36:15]} 43. Kc3 {[%clk 0:37:24]} Kxc5 {[%clk 0:36:31]} 44. Kxb3
{[%clk 0:37:47]} Kd4 {[%clk 0:36:33]} 45. Kc2 {[%clk 0:38:10]} Ke3
{[%clk 0:36:45]} 46. Kc3 {[%clk 0:38:08]} Kf3 {[%clk 0:37:00]} 47. Kd3
{[%clk 0:38:29]} f5 {[%clk 0:36:49]} 48. Kd4 {[%clk 0:38:31]} Kxg3
{[%clk 0:36:49]} 49. Ke5 {[%clk 0:37:53]} Kxh4 {[%clk 0:37:00]} 50. Kf6
{[%clk 0:38:09]} Kg4 {[%clk 0:37:16]} 51. Kxg6 {[%clk 0:38:21]} h4
{[%clk 0:37:38]} 52. Kf6 {[%clk 0:38:37]} h3 {[%clk 0:37:55]} 0-1

[Event "World Senior Championship F50+/F65+"]
[Site "Katerini"]
[Date "2014.11.04"]
[Round "11.1"]
[White "Saunina, Ludmila"]
[Black "Mednikova, Svetlana"]
[Result "0-1"]
[WhiteElo "2190"]
[BlackElo "2154"]
[EventDate "2014.10.24"]

1. e4 {[%clk 1:30:58]} e5 {[%clk 1:30:21]} 2. Nf3 {[%clk 1:31:04]} Nc6
{[%clk 1:30:22]} 3. Bb5 {[%clk 1:30:53]} a6 {[%clk 1:25:54]} 4. Ba4
{[%clk 1:30:20]} Nge7 {[%clk 1:26:13]} 5. Bb3 {[%clk 1:26:00]} d5
{[%clk 1:25:55]} 6. exd5 {[%clk 1:25:37]} Nxd5 {[%clk 1:26:14]} 7. O-O
{[%clk 1:24:04]} Be7 {[%clk 1:23:54]} 8. Re1 {[%clk 1:22:20]} Bg4
{[%clk 1:15:54]} 9. h3 {[%clk 1:21:30]} Bh5 {[%clk 1:10:27]} 10. g4
{[%clk 0:59:45]} Bg6 {[%clk 1:10:23]} 11. Nxe5 {[%clk 1:00:02]} Nxe5
{[%clk 1:08:09]} 12. Rxe5 {[%clk 1:00:19]} Nb4 {[%clk 1:00:04]} 13. d4
{[%clk 0:51:30]} O-O {[%clk 0:52:00]} 14. Nc3 {[%clk 0:48:08]} Nc6
{[%clk 0:48:45]} 15. Rd5 {[%clk 0:48:07]} Bd6 {[%clk 0:47:53]} 16. Bg5
{[%clk 0:44:38]} Ne7 {[%clk 0:45:13]} 17. Bxe7 {[%clk 0:42:30]} Qxe7
{[%clk 0:45:36]} 18. Qe1 {[%clk 0:41:35]} Qh4 {[%clk 0:45:41]} 19. Kg2
{[%clk 0:39:34]} Rfe8 {[%clk 0:44:47]} 20. Qd2 {[%clk 0:38:20]} h6
{[%clk 0:41:42]} 21. Re1 {[%clk 0:36:29]} b5 {[%clk 0:41:02]} 22. a3
{[%clk 0:36:27]} Rad8 {[%clk 0:37:46]} 23. Rxe8+ {[%clk 0:30:17]} Rxe8
{[%clk 0:36:56]} 24. f4 {[%clk 0:28:52]} h5 {[%clk 0:27:04]} 25. gxh5
{[%clk 0:25:45]} Be4+ {[%clk 0:26:58]} 26. Nxe4 {[%clk 0:25:53]} Rxe4
{[%clk 0:27:20]} 27. Qf2 {[%clk 0:10:19]} Qe7 {[%clk 0:19:53]} 28. Re5
{[%clk 0:05:19]} Bxe5 {[%clk 0:19:39]} 29. fxe5 {[%clk 0:05:44]} Qg5+
{[%clk 0:18:57]} 30. Kh1 {[%clk 0:04:35]} Qxh5 {[%clk 0:17:18]} 31. Kg1
{[%clk 0:02:43]} Qd1+ {[%clk 0:17:03]} 32. Kg2 {[%clk 0:03:03]} Re2
{[%clk 0:16:56]} 33. Bxf7+ {[%clk 0:03:09]} Kf8 {[%clk 0:16:49]} 0-1

[Event "World Senior Championship F50+/F65+"]
[Site "Katerini"]
[Date "2014.11.04"]
[Round "11.2"]
[White "Strutinskaia, Galina"]
[Black "Gaprindashvili, Nona"]
[Result "0-1"]
[WhiteElo "2287"]
[BlackElo "2299"]
[EventDate "2014.10.24"]

1. d4 {[%clk 1:30:57]} c5 {[%clk 1:30:29]} 2. d5 {[%clk 1:31:19]} e5
{[%clk 1:30:52]} 3. e4 {[%clk 1:31:40]} d6 {[%clk 1:31:21]} 4. Bb5+
{[%clk 1:31:13]} Bd7 {[%clk 1:31:41]} 5. Be2 {[%clk 1:31:09]} g6 {[%clk 1:31:39]}
6. Nc3 {[%clk 1:31:18]} Nh6 {[%clk 1:30:58]} 7. g4 {[%clk 1:31:03]} f6
{[%clk 1:31:14]} 8. Be3 {[%clk 1:26:38]} Na6 {[%clk 1:30:52]} 9. h4
{[%clk 1:25:49]} Nc7 {[%clk 1:28:36]} 10. a4 {[%clk 1:25:41]} Bg7
{[%clk 1:26:33]} 11. Nh3 {[%clk 1:22:00]} a6 {[%clk 1:20:42]} 12. a5
{[%clk 1:18:32]} Nb5 {[%clk 1:15:35]} 13. f3 {[%clk 1:17:43]} Nd4
{[%clk 1:07:35]} 14. Qd2 {[%clk 1:16:12]} Nf7 {[%clk 1:07:57]} 15. Nf2
{[%clk 1:15:21]} Qe7 {[%clk 0:55:24]} 16. Bd1 {[%clk 1:15:02]} f5
{[%clk 0:52:31]} 17. Na4 {[%clk 1:08:55]} Bxa4 {[%clk 0:45:22]} 18. Rxa4
{[%clk 1:09:11]} Nxf3+ {[%clk 0:45:24]} 19. Bxf3 {[%clk 1:09:12]} f4
{[%clk 0:45:53]} 20. Nd1 {[%clk 1:09:01]} fxe3 {[%clk 0:46:13]} 21. Nxe3
{[%clk 1:08:56]} O-O {[%clk 0:46:20]} 22. Qg2 {[%clk 1:07:39]} Nd8
{[%clk 0:39:13]} 23. g5 {[%clk 1:06:53]} Rf4 {[%clk 0:37:49]} 24. Qg3
{[%clk 1:02:49]} Nf7 {[%clk 0:31:29]} 25. Ng2 {[%clk 0:55:45]} Rf8
{[%clk 0:31:28]} 26. Rf1 {[%clk 0:53:02]} Nd8 {[%clk 0:29:21]} 27. Be2
{[%clk 0:52:31]} Rxf1+ {[%clk 0:29:38]} 28. Bxf1 {[%clk 0:53:00]} Kh8
{[%clk 0:18:41]} 29. Ra3 {[%clk 0:53:00]} Qc7 {[%clk 0:14:17]} 30. Be2
{[%clk 0:52:27]} c4 {[%clk 0:12:44]} 31. Qe3 {[%clk 0:46:56]} Nf7
{[%clk 0:12:59]} 32. Qb6 {[%clk 0:46:16]} Qxb6 {[%clk 0:11:39]} 33. axb6
{[%clk 0:46:44]} h6 {[%clk 0:12:01]} 34. Rc3 {[%clk 0:42:27]} hxg5
{[%clk 0:10:56]} 35. Rxc4 {[%clk 0:42:52]} Bf6 {[%clk 0:11:12]} 36. h5
{[%clk 0:42:33]} gxh5 {[%clk 0:10:51]} 37. Bxh5 {[%clk 0:42:56]} Bd8
{[%clk 0:09:27]} 38. Bxf7 {[%clk 0:40:35]} Rxf7 {[%clk 0:09:55]} 39. Rc8
{[%clk 0:40:57]} Rd7 {[%clk 0:10:15]} 40. Ne3 {[%clk 1:11:13]} Kg7
{[%clk 0:40:22]} 41. Nc4 {[%clk 1:11:26]} g4 {[%clk 0:36:52]} 42. Kf2
{[%clk 1:11:20]} Kg6 {[%clk 0:37:06]} 43. Kg3 {[%clk 1:11:17]} Kh5
{[%clk 0:37:34]} 44. Rb8 {[%clk 1:09:27]} Bh4+ {[%clk 0:37:42]} 45. Kg2
{[%clk 1:09:49]} Bd8 {[%clk 0:38:11]} 46. b4 {[%clk 1:07:37]} Kh4
{[%clk 0:34:37]} 47. c3 {[%clk 1:05:14]} g3 48. Ne3 {[%clk 1:00:20]} Bxb6
{[%clk 0:32:36]} 49. Nf5+ {[%clk 1:00:46]} Kg4 {[%clk 0:32:01]} 50. Nxg3
{[%clk 1:01:06]} Kf4 {[%clk 0:32:09]} 51. Rf8+ {[%clk 0:59:36]} Ke3
{[%clk 0:32:24]} 52. Rf3+ {[%clk 0:57:21]} Kd2 {[%clk 0:32:49]} 53. Nf5
{[%clk 0:57:37]} a5 {[%clk 0:32:37]} 54. bxa5 {[%clk 0:57:47]} Bxa5
{[%clk 0:33:05]} 55. c4 {[%clk 0:58:10]} Bb6 {[%clk 0:32:48]} 56. Rb3
{[%clk 0:57:36]} Bc5 {[%clk 0:33:15]} 57. Kg3 {[%clk 0:57:33]} Kc2
{[%clk 0:29:24]} 58. Rf3 {[%clk 0:57:54]} Rd8 {[%clk 0:28:44]} 59. Nh6
{[%clk 0:57:53]} Rh8 {[%clk 0:26:48]} 60. Nf7 {[%clk 0:58:16]} Rg8+
{[%clk 0:24:01]} 61. Kh4 {[%clk 0:58:39]} b6 {[%clk 0:14:37]} 62. Rf6
{[%clk 0:58:34]} Rf8 {[%clk 0:14:51]} 63. Rf3 {[%clk 0:58:42]} Rxf7
{[%clk 0:15:07]} 64. Rxf7 {[%clk 0:59:06]} Kd3 {[%clk 0:15:34]} 65. Kg5
{[%clk 0:55:55]} Kxe4 {[%clk 0:15:22]} 66. Rh7 {[%clk 0:55:06]} Kd3
{[%clk 0:15:27]} 67. Rh4 {[%clk 0:54:31]} e4 {[%clk 0:13:59]} 68. Kf4
{[%clk 0:54:35]} Bd4 {[%clk 0:10:47]} 69. Rh1 {[%clk 0:53:28]} Be5+
{[%clk 0:10:40]} 70. Kf5 {[%clk 0:53:52]} e3 {[%clk 0:11:04]} 71. Rd1+
{[%clk 0:53:51]} Kc2 {[%clk 0:11:12]} 0-1

[Event "World Senior Championship F50+/F65+"]
[Site "Katerini"]
[Date "2014.11.04"]
[Round "11.3"]
[White "Kabanova, Irina"]
[Black "Melashvili, Nino"]
[Result "0-1"]
[WhiteElo "1933"]
[BlackElo "2135"]
[EventDate "2014.10.24"]

1. e4 {[%clk 1:30:58]} c5 {[%clk 1:30:55]} 2. Nf3 {[%clk 1:31:18]} a6
{[%clk 1:31:21]} 3. c3 {[%clk 1:31:04]} d6 {[%clk 1:31:39]} 4. d4
{[%clk 1:31:15]} Nd7 {[%clk 1:32:00]} 5. Be2 {[%clk 1:30:14]} Qc7
{[%clk 1:30:25]} 6. Be3 {[%clk 1:25:14]} Ngf6 {[%clk 1:27:33]} 7. Nfd2
{[%clk 1:20:44]} e6 {[%clk 1:14:14]} 8. O-O {[%clk 1:17:22]} Be7 {[%clk 1:11:40]}
9. a4 {[%clk 1:12:57]} b6 {[%clk 1:11:48]} 10. Na3 {[%clk 1:10:49]} Bb7
{[%clk 1:11:29]} 11. f3 {[%clk 1:11:01]} O-O {[%clk 1:11:37]} 12. Re1
{[%clk 1:08:54]} Ne8 {[%clk 0:55:49]} 13. f4 {[%clk 1:04:00]} e5 {[%clk 0:41:39]}
14. fxe5 {[%clk 0:57:22]} dxe5 {[%clk 0:41:50]} 15. Bf3 {[%clk 0:56:15]} cxd4
{[%clk 0:37:00]} 16. cxd4 {[%clk 0:54:04]} exd4 {[%clk 0:37:18]} 17. Bxd4
{[%clk 0:54:05]} Bd6 {[%clk 0:37:24]} 18. Nf1 {[%clk 0:52:20]} Ne5
{[%clk 0:33:27]} 19. Rc1 {[%clk 0:50:21]} Qd8 {[%clk 0:32:02]} 20. Bxe5
{[%clk 0:39:35]} Bxe5 {[%clk 0:32:28]} 21. Qb3 {[%clk 0:37:58]} Qd4+
{[%clk 0:31:14]} 22. Kh1 {[%clk 0:31:25]} Qxb2 {[%clk 0:31:32]} 23. Rb1
{[%clk 0:31:40]} Qf2 {[%clk 0:19:27]} 24. Re2 {[%clk 0:26:40]} Qh4
{[%clk 0:19:36]} 25. Nc4 {[%clk 0:24:40]} Bc7 {[%clk 0:18:21]} 26. Nxb6
{[%clk 0:24:21]} Rb8 {[%clk 0:15:14]} 27. Qa2 {[%clk 0:20:56]} Nf6
{[%clk 0:13:54]} 28. Qc2 {[%clk 0:12:58]} Bxb6 {[%clk 0:13:21]} 29. Rxb6
{[%clk 0:13:03]} Bxe4 {[%clk 0:13:30]} 30. Qb2 {[%clk 0:08:03]} Rxb6
{[%clk 0:13:30]} 31. Qxb6 {[%clk 0:08:26]} Bxf3 {[%clk 0:13:26]} 32. gxf3
{[%clk 0:08:46]} Qxa4 {[%clk 0:13:48]} 33. Ng3 {[%clk 0:07:27]} Nd5
{[%clk 0:13:09]} 34. Qf2 {[%clk 0:03:29]} Nf4 {[%clk 0:13:13]} 35. Rd2
{[%clk 0:03:20]} h6 {[%clk 0:11:48]} 36. Nf1 {[%clk 0:02:13]} Qc6
{[%clk 0:10:19]} 37. h4 {[%clk 0:02:14]} Re8 {[%clk 0:10:00]} 38. Kh2
{[%clk 0:02:26]} Qg6 {[%clk 0:09:16]} 39. Ng3 {[%clk 0:02:37]} Nd3
{[%clk 0:08:58]} 40. Qd4 {[%clk 0:32:49]} Ne5 {[%clk 0:38:32]} 41. Kg2
{[%clk 0:33:01]} Qc6 {[%clk 0:34:55]} 42. Qf4 {[%clk 0:32:26]} Nc4
{[%clk 0:25:09]} 43. Rd3 {[%clk 0:30:20]} Ne5 {[%clk 0:24:03]} 44. Rd2
{[%clk 0:30:07]} a5 {[%clk 0:23:55]} 45. Ne4 {[%clk 0:24:26]} Nxf3
{[%clk 0:22:53]} 46. Kxf3 {[%clk 0:20:02]} f5 {[%clk 0:23:18]} 47. Kg3
{[%clk 0:14:39]} Qxe4 {[%clk 0:23:18]} 48. Qf3 {[%clk 0:13:47]} Qxf3+
{[%clk 0:23:20]} 49. Kxf3 {[%clk 0:14:15]} Re4 {[%clk 0:23:35]} 0-1

[Event "World Senior Championship F50+/F65+"]
[Site "Katerini"]
[Date "2014.11.04"]
[Round "11.4"]
[White "Ankudinova, Yelena"]
[Black "Khmiadashvili, Tamar"]
[Result "1-0"]
[WhiteElo "2121"]
[BlackElo "2090"]
[EventDate "2014.10.24"]

1. Nf3 {[%clk 1:30:52]} g6 {[%clk 1:29:46]} 2. c4 {[%clk 1:30:47]} c6
{[%clk 1:29:30]} 3. Nc3 {[%clk 1:24:44]} Bg7 {[%clk 1:29:46]} 4. d4
{[%clk 1:24:53]} d6 {[%clk 1:28:52]} 5. e4 {[%clk 1:24:13]} Bg4 {[%clk 1:28:41]}
6. Be3 {[%clk 1:21:48]} Nd7 {[%clk 1:26:33]} 7. Qd2 {[%clk 1:20:19]} Bxf3
{[%clk 1:18:58]} 8. gxf3 {[%clk 1:20:46]} Ngf6 {[%clk 1:17:41]} 9. Be2
{[%clk 1:19:17]} e5 {[%clk 1:10:24]} 10. f4 {[%clk 1:13:17]} Qe7 {[%clk 1:02:59]}
11. fxe5 {[%clk 1:10:00]} dxe5 {[%clk 1:03:20]} 12. d5 {[%clk 1:08:20]} O-O
{[%clk 1:00:01]} 13. h4 {[%clk 1:02:32]} h5 {[%clk 1:00:11]} 14. O-O-O
{[%clk 0:53:58]} Qb4 {[%clk 0:55:17]} 15. f3 {[%clk 0:51:03]} Rfc8
{[%clk 0:51:27]} 16. Kb1 {[%clk 0:51:10]} a5 {[%clk 0:36:20]} 17. Rhg1
{[%clk 0:46:41]} a4 {[%clk 0:34:26]} 18. a3 {[%clk 0:45:21]} Qa5 {[%clk 0:34:33]}
19. Na2 {[%clk 0:34:22]} Qxd2 {[%clk 0:33:20]} 20. Rxd2 {[%clk 0:34:10]} Bf8
{[%clk 0:31:07]} 21. Nb4 {[%clk 0:28:33]} c5 {[%clk 0:21:31]} 22. Na2
{[%clk 0:27:07]} Kh7 {[%clk 0:19:44]} 23. Nc3 {[%clk 0:26:03]} Ne8
{[%clk 0:19:25]} 24. Nb5 {[%clk 0:17:01]} Nd6 {[%clk 0:17:50]} 25. Nxd6
{[%clk 0:16:15]} Bxd6 {[%clk 0:18:14]} 26. Kc2 {[%clk 0:15:50]} Nf6
{[%clk 0:13:34]} 27. Bd1 {[%clk 0:15:06]} Ne8 {[%clk 0:10:29]} 28. Rf2
{[%clk 0:15:06]} Bf8 {[%clk 0:06:00]} 29. f4 {[%clk 0:14:06]} Bh6
{[%clk 0:05:48]} 30. Kd3 {[%clk 0:14:18]} exf4 {[%clk 0:04:23]} 31. Bxf4
{[%clk 0:14:39]} Bxf4 {[%clk 0:03:51]} 32. Rxf4 {[%clk 0:15:06]} f6
{[%clk 0:03:38]} 33. e5 {[%clk 0:11:33]} fxe5 {[%clk 0:03:45]} 34. Rf7+
{[%clk 0:11:51]} Kh6 {[%clk 0:03:42]} 35. Re7 {[%clk 0:11:20]} Nf6
{[%clk 0:01:49]} 36. Rxe5 {[%clk 0:10:54]} Ra6 {[%clk 0:02:07]} 37. Rge1
{[%clk 0:08:34]} Rf8 {[%clk 0:01:17]} 38. Re6 {[%clk 0:08:22]} Raa8
{[%clk 0:01:29]} 39. Re7 {[%clk 0:08:32]} b5 {[%clk 0:01:40]} 40. Rb7
{[%clk 0:35:20]} bxc4+ {[%clk 0:31:49]} 41. Kxc4 {[%clk 0:35:33]} Rad8
{[%clk 0:26:29]} 42. Re5 {[%clk 0:20:15]} Nd7 {[%clk 0:14:32]} 43. Re6
{[%clk 0:12:01]} Rf4+ {[%clk 0:14:56]} 44. Kb5 {[%clk 0:12:19]} Nf8
{[%clk 0:12:06]} 45. Re5 {[%clk 0:10:09]} Rxh4 {[%clk 0:11:40]} 46. Bxa4
{[%clk 0:09:49]} Rf4 {[%clk 0:10:07]} 47. Ra7 {[%clk 0:06:34]} h4
{[%clk 0:08:16]} 48. Kxc5 {[%clk 0:06:46]} h3 {[%clk 0:05:50]} 49. d6
{[%clk 0:07:11]} Rxa4 50. Rxa4 {[%clk 0:06:40]} Nd7+ {[%clk 0:06:00]} 51. Kd4
{[%clk 0:07:03]} Nxe5 {[%clk 0:06:08]} 52. Kxe5 {[%clk 0:07:31]} Kh5
{[%clk 0:03:56]} 53. Rc4 {[%clk 0:04:50]} g5 {[%clk 0:02:07]} 54. Rc7
{[%clk 0:04:14]} Kg6 {[%clk 0:02:11]} 55. Rc3 {[%clk 0:04:05]} Rh8
{[%clk 0:01:43]} 56. Rc1 {[%clk 0:03:10]} h2 {[%clk 0:01:33]} 57. Rh1
{[%clk 0:03:38]} Re8+ {[%clk 0:01:34]} 58. Kd5 {[%clk 0:03:54]} Re2
{[%clk 0:01:46]} 59. d7 {[%clk 0:02:02]} Rd2+ {[%clk 0:01:54]} 60. Ke4
{[%clk 0:02:16]} Rxd7 {[%clk 0:01:46]} 61. Rxh2 {[%clk 0:02:44]} Re7+
{[%clk 0:01:15]} 62. Kd5 {[%clk 0:00:58]} g4 {[%clk 0:01:04]} 63. a4
{[%clk 0:01:17]} Rb7 {[%clk 0:00:55]} 64. Kc6 {[%clk 0:01:15]} Ra7
{[%clk 0:00:56]} 65. Kb5 {[%clk 0:01:23]} Rb7+ {[%clk 0:01:07]} 66. Kc5
{[%clk 0:01:27]} Rf7 {[%clk 0:00:58]} 67. a5 {[%clk 0:01:24]} Rf5+
{[%clk 0:01:22]} 68. Kb6 {[%clk 0:01:41]} Rf6+ {[%clk 0:01:44]} 69. Kb5
{[%clk 0:02:08]} Rf5+ {[%clk 0:02:02]} 70. Ka4 {[%clk 0:02:31]} Kg5
{[%clk 0:01:55]} 71. a6 {[%clk 0:02:41]} g3 {[%clk 0:01:45]} 72. Rg2
{[%clk 0:02:37]} Kg4 {[%clk 0:01:51]} 73. b4 {[%clk 0:02:55]} Rf2
{[%clk 0:01:46]} 74. Rg1 {[%clk 0:03:06]} Ra2+ {[%clk 0:00:48]} 75. Kb5
{[%clk 0:03:33]} Kf3 {[%clk 0:00:45]} 76. Kb6 {[%clk 0:03:55]} Re2
{[%clk 0:00:38]} 77. a7 {[%clk 0:04:01]} Re6+ {[%clk 0:00:56]} 78. Ka5
{[%clk 0:03:18]} Re8 {[%clk 0:00:54]} 79. b5 {[%clk 0:03:37]} Kf2
{[%clk 0:01:07]} 80. Rxg3 {[%clk 0:03:50]} Kxg3 {[%clk 0:01:36]} 81. b6
{[%clk 0:04:04]} 1-0